[Event "SK Dülmen 1 - SC Gronau 1"]
[Site "Regionalliga Münsterland 2019"]
[Date "2020.02.22"]
[Round "7.4"]
[White "Loedding, Detlef"]
[Black "Langendijk, Andre"]
[Result "1/2-1/2"]
[WhiteElo "1890"]
[BlackElo "1926"]
[PlyCount "31"]
[EventDate "2020.??.??"]
[SourceDate "2019.09.14"]

1. c4 Nf6 2. Nf3 e6 3. d4 b6 4. g3 Bb7 5. Bg2 Bb4+ 6. Bd2 Qe7 7. a3 Bxd2+ 8.
Nbxd2 O-O 9. O-O d6 10. Qc2 Nbd7 11. e4 e5 12. d5 a5 13. b4 Rfb8 14. Nh4 g6 15.
Bh3 Bc8 16. Ng2 1/2-1/2

[Event "SK Dülmen 1 - SC Gronau 1"]
[Site "Regionalliga Münsterland 2019"]
[Date "2020.02.22"]
[Round "7.5"]
[White "Reckzuegel, Philipp"]
[Black "Rebber, Christian"]
[Result "0-1"]
[WhiteElo "1901"]
[BlackElo "1794"]
[PlyCount "74"]
[EventDate "2020.??.??"]
[SourceDate "2019.09.14"]

1. d4 d5 2. c4 c6 3. e3 Nf6 4. Nc3 Bf5 5. Nf3 e6 6. cxd5 exd5 7. Bd3 Bxd3 8.
Qxd3 Be7 9. O-O O-O 10. b3 Nbd7 11. Bb2 Re8 12. Rfe1 Bb4 13. a3 Bd6 14. e4 dxe4
15. Nxe4 Rxe4 16. Rxe4 Nc5 17. dxc5 Bxh2+ 18. Nxh2 Qxd3 19. Re3 Qc2 20. Bxf6
gxf6 21. b4 Rd8 22. Ng4 Rd1+ 23. Rxd1 Qxd1+ 24. Kh2 Qxg4 25. Rg3 Qg6 26. f4 Kf8
27. Rxg6 fxg6 28. Kh3 Kf7 29. Kg4 Ke6 30. f5+ Kd5 31. Kf4 a6 32. fxg6 hxg6 33.
g4 Kc4 34. Ke4 Kb3 35. Kd4 Kxa3 36. Kc3 f5 37. gxf5 gxf5 0-1

[Event "SK Dülmen 1 - SC Gronau 1"]
[Site "Regionalliga Münsterland 2019"]
[Date "2020.02.22"]
[Round "7.6"]
[White "Tecklenborg, Georg"]
[Black "Rothkegel, Juergen"]
[Result "0-1"]
[WhiteElo "1699"]
[BlackElo "1864"]
[PlyCount "78"]
[EventDate "2020.??.??"]
[SourceDate "2019.09.14"]

1. e4 c5 2. Nf3 Nc6 3. d4 cxd4 4. Nxd4 Nf6 5. Nc3 d6 6. Bb5 Bd7 7. O-O a6 8.
Ba4 g6 9. Bb3 Bg7 10. f3 O-O 11. Be3 Rc8 12. Nd5 Na5 13. c3 Nxd5 14. Bxd5 e6
15. Bb3 Nxb3 16. Nxb3 Bb5 17. Rf2 Qc7 18. Rd2 Rfd8 19. a4 Bc6 20. a5 Qe7 21.
Bb6 Rd7 22. Ra3 Bh6 23. Rc2 d5 24. exd5 Rxd5 25. Qe2 Qd6 26. Ra1 Re5 27. Qf2
Bb5 28. Bd4 Rd5 29. Re1 Ba4 30. Na1 Bxc2 31. Nxc2 e5 32. Be3 Bxe3 33. Nxe3 Rd2
34. Qg3 Rxb2 35. Nf5 Qc5+ 36. Kh1 Kf8 37. Qg5 gxf5 38. Qh6+ Ke7 39. Qg5+ Kd6
0-1

[Event "SK Dülmen 1 - SC Gronau 1"]
[Site "Regionalliga Münsterland 2019"]
[Date "2020.02.22"]
[Round "7.7"]
[White "Hoge, Torsten"]
[Black "Liebing, Ingo"]
[Result "1/2-1/2"]
[WhiteElo "1900"]
[BlackElo "1745"]
[PlyCount "38"]
[EventDate "2020.??.??"]
[SourceDate "2019.09.14"]

1. e4 d5 2. exd5 Qxd5 3. Nc3 Qd6 4. d4 Nf6 5. g3 Bg4 6. Be2 Bxe2 7. Qxe2 c6 8.
Nf3 e6 9. Bf4 Qb4 10. O-O-O Nd5 11. Bd2 Nxc3 12. Bxc3 Qa4 13. Kb1 Be7 14. d5
cxd5 15. Bxg7 Rg8 16. Bc3 Nc6 17. b3 Qa3 18. Qb5 O-O-O 19. Bb2 Qb4 1/2-1/2

[Event "SK Dülmen 1 - SC Gronau 1"]
[Site "Regionalliga Münsterland 2019"]
[Date "2020.02.22"]
[Round "7.8"]
[White "Eiersbrock, Marko"]
[Black "Baer, Klaus"]
[Result "1/2-1/2"]
[WhiteElo "1829"]
[BlackElo "1620"]
[PlyCount "57"]
[EventDate "2020.??.??"]
[SourceDate "2019.09.14"]

1. d4 Nf6 2. Nf3 e6 3. Bg5 Be7 4. Nbd2 d5 5. e3 Nbd7 6. Bd3 O-O 7. O-O c5 8. c3
b6 9. Ne5 Bb7 10. Rc1 Rc8 11. Qa4 a6 12. Nxd7 Nxd7 13. Bxe7 Qxe7 14. e4 b5 15.
Qa3 Rfe8 16. e5 c4 17. Qxe7 Rxe7 18. Bc2 Nb8 19. f4 g6 20. g4 Rce8 21. h4 Nc6
22. Rf2 b4 23. f5 gxf5 24. gxf5 exf5 25. Rxf5 Kg7 26. Rh5 h6 27. Kh2 Re6 28.
Bf5 Rg6 29. Bd7 1/2-1/2